000
00497nam a2200169Ia 4500
008
090711s9999 xx 000 0 und d
082
_b
43394
100
_a
मेहता शशिकला
245
_a
ही अशी ती तशी
260
_c
1980
300
_a
196
600
_a
मेहता शशिकला
630
_a
ही अशी ती तशी
700
_a
मेहता शशिकला
730
_a
ही अशी ती तशी
942
_c
BOOK
999
_c
295791
_d
295791